000 01178cam a22003617a 4500
003 CHAP
005 20220329134823.0
008 971013s1983 r 00010 d
010 _a26489
011 _a27461
035 _a31562
040 _cCHAP
082 _a633.34
_bI7
100 0 0 _aIrwin, Bonnie J.
_960527
245 0 _aSoybean research in China and the United States
_b: proceedings of...
260 _aUrbana :
_bInternational Soybean Program,
_c1983
300 _a194 p.
_b: ilus. ; gráfs
490 0 _aINTSOY
_v; 25
590 _aBATCH-UPD
_b10
_c20130110
_lUCH01
_h2139
590 _aBATCH-UPD
_b10
_c20130410
_lUCH01
_h1448
590 _aBATCH-UPD
_b10
_c20130914
_lUCH01
_h1659
590 _aCONVERSION
_b10
_c20130109
_lUCH01
_h1315
650 1 4 _aSoya
_xChina.
_9109029
650 1 4 _aSoya
_xE.U.A.
_9109038
650 1 4 _aSoya
_xInvestigación.
_9109064
700 0 _aJing-Ling, Wang.
_961703
700 0 _aSinclair, Onkar D.
_9106551
830 0 _aINTSOY
_v; 25
_960155
901 _aBK
942 _cLIBRO
949 _a633.34 I7
_bBC
_cLIBRO
_d33724000217238
_eLIBRO
_h60838
_i31562
_si
949 _a633.34 I7
_bBC
_cLIBRO
_d33724000217246
_eLIBRO
_fc.2
_h60839
_i31562
_si
999 _c26489
_d26489